00302nam a2200133Ia 4500008004100000020001800041041000800059082000800067100001600075245003600091250001700127260001600144300000800160230718s2007 xx 000 0 und d a81-239-1267-6 aeng a611 aKHURANA A K aANATOMY & PHYSIOLOGY OF THE EYE a2nd Edition  bC.B.Sc2007 a514